| 000 | 00668nam a22001817a 4500 | ||
|---|---|---|---|
| 999 |
_c181530 _d181530 |
||
| 005 | 20220217105431.0 | ||
| 010 | _aENG-129946 | ||
| 020 |
_c720.00 _a9 788194 471523 |
||
| 035 | _aEN-113478 | ||
| 037 | _bDBAD/PUB | ||
| 082 | _a320.954 | ||
| 100 | _aKumar, Ashwani | ||
| 245 |
_aHuman Dignity: _bA Purpose In Perpetuity/ _cAshwani Kumar _henglish |
||
| 260 |
_bLexis Nexis publication _a14th floor,Building No 10, Tower-B,DLF Cyber City, Phase-11,Gurgoan-122002,Haryana,India. _c2020 |
||
| 270 |
_bHaryana, India _a14th floor,Building No 10, Tower-B,DLF Cyber City, Phase-11,Gurgoan-122002,Haryana,India. |
||
| 300 |
_a200pg _c22cm |
||
| 942 |
_2ddc _cEN _mASH _k320.954 |
||